00519nai a2200157Ia 4500003000900000008004100009022002200050022002300072040001600095245002600111260003400137310001200171362002500183521006900208856008400277IN-BaIIA211028c9999 xx s 000 0 eng d a0899-0042 (Print) a1520-636X (Online) cIIA Library 0aChiralityh[eJournal] aNew JerseybJohn Wiley & Sons aMonthly a1(1); 1996 - Present bSubscribed through National Knowledge Resource Consortium (NKRC) uhttps://onlinelibrary.wiley.com/journal/1520636xyClick Here to Access eJournal